000 00568nam a2200217Ia 4500
003 OSt
005 20230510094853.0
008 210423s1998 xx 000 0 und d
040 _cAL
041 _aeng
082 _a155.2
_223
_bHALT
100 _aHALL (CALVIN);others
_9101862
245 _aTheories of personality
250 _a4
260 _aNew York
_bJohn Wiley & Sons
_c1998
300 _av,26
_bPB
650 _aDifferential & Developmental Psychology
_9101863
650 _aPsychology
_9101864
906 _apersonality. ; Theories
942 _2ddc
_cBK
999 _c171741
_d171741